Jasmim, a fadazinha dos presentes (Registo nº 74917)

Detalhes MARC
000 -Etiqueta do registo
campo de controlo de comprimento fixo 00940nam a2200277 4500
001 - Identificador do registo
Campo de controlo 74917
005 - Identificador da versão
Campo de controlo 20251001113018.0
010 ## - ISBN
Número (ISBN) 978-972-22-2838-1
021 ## - Nº depósito legal
Código do país Portugal
Número 279527/08
100 ## - Dados Gerais de Proc.
Dados gerais de processamento 20090706d2008 a y0pory5003 ba
101 1# - Língua da publicação
Língua do texto, banda sonora, etc. Português
Língua do documento no original Inglês
102 ## - País de Publicação
País de publicação Portugal
105 ## - Dados Codif. Livros
Dados codificados dos livros a z 000yy
106 ## - Atributos Físicos
Dados codificados do material textual r
200 1# - Título
Título próprio Jasmim, a fadazinha dos presentes
Primeira menção de responsabilidade Daisy Meadows
Outras menções de responsabilidade trad. Maria Isabel de Mendonça Soares
-- il. Georgie Ripper
210 ## - Publicação, Distribuição
Lugar da edição, distribuição, etc. Lisboa
Nome do editor, distribuidor, etc. Verbo
Data da publicação, distribuição, etc. imp. 2008
215 ## - Descrição física
Descrição física 73, [7] p.
Outras indicações físicas il.
Dimensões 20 cm
225 2# - Colecção
Título próprio da colecção ˆA ‰magia do arco-íris
Nome de uma parte ou secção As fadazinhas das festas
-- Eu gosto de ler, e ponto final
Indicação de volume 21
304 ## - Título e responsabilidade
Texto da nota Tít. orig.: Jasmine the present fairy
675 ## - CDU
Notação 82
Edição BN
Língua da edição Português
700 #1 - Responsabilidade principal
Palavra de ordem Meadows
Outra parte do nome Daisy
702 #1 - Responsabilidade secundária
Palavra de ordem Soares
Outra parte do nome Maria Isabel de Mendonça
Código de função Tradutor
702 #1 - Responsabilidade secundária
Palavra de ordem Ripper
Outra parte do nome Georgie
Código de função Ilustrador
801 #0 - Fonte de origem
País Portugal
Agência CMELV
Regras de catalogação RPC
090 ## - Números de controlo do sistema (Koha)
Número biblioitem do Koha (gerado automaticamente) 74917
942 ## - Elementos de entrada adicionados (Koha)
Tipo de item no Koha Monografias
Suprimido Disponível no OPAC
Exemplares
Removido (estado) Perdido (estado) Data de aquisição Origem do registo (biblioteca) (codificado) Código da organização que empresta ou é detentora (biblioteca) Código de barras Número de inventário Cota Tipo de circulação (não pode ser emprestado) Tipo de item e material
Disponível Disponível 2025-10-01 Biblioteca EB23 D. Manuel I Biblioteca EB23 D. Manuel I BEBDMI9364 9364 82 - 93 MEA Normal Monografias